Indian Diaspora Quiz Stats

 Plays Quiz not verified by Sporcle

Score 0/30 Timer 05:00
0 Plays Today
Number of Indians Country % Correct
1,969,286USA
98.7%
26,972China
95.4%
621,469Canada
95.4%
776,603UK
95.4%
2,000,908Pakistan
94.7%
3,499,337UAE
92.7%
389,992Australia
92.7%
344,310Bangladesh
91.4%
68,291Germany
91.4%
48,061France
90.1%
22,641Japan
88.1%
1,894,380Saudi Arabia
88.1%
136,403Italy
86.8%
446,491Nepal
86.1%
69,800New Zealand
85.4%
Number of Indians Country % Correct
33,483Spain
85.4%
645,577Qatar
84.8%
777,632Oman
84.1%
1,061,758Kuwait
79.5%
22,424Sweden
79.5%
22,713Netherlands
78.8%
43,250South Africa
78.1%
132,699Malaysia
78.1%
302,635Bahrain
77.5%
150,082Singapore
76.8%
19,764Ireland
75.5%
26,205Myanmar
73.5%
19,081Switzerland
69.5%
44,732Bhutan
69.5%
22,120Maldives
53%

You're not logged in!

Compare scores with friends on all Sporcle quizzes.
OR
Log In

Sporcle TV

Today on Sporcle TV


Watch our educational content, quiz creation guides, and fun videos on Sporcle TV.

Show Comments

Extras

Top Quizzes Today


Score Distribution

Your Account Isn't Verified!

In order to create a playlist on Sporcle, you need to verify the email address you used during registration. Go to your Sporcle Settings to finish the process.

Report this User

Report this user for behavior that violates our Community Guidelines.

Details: